000 00913cam a22003132 4500
001 .b19010850
003 YEEZEN
005 20260106140237.0
008 240321s2023 ch 000 0 chi d
020 _a9786263555617
_q(平裝) :
_cNT$400
040 _atw
_dNTOU
_ctw
042 _anbic
090 _a525.833
100 1 _a陳, 培思
245 1 0 _a追熱愛的夢 走真實的路 :
_b創新創業10堂課 /
_c陳培思, 黃亞琪, 林惠君作
246 3 0 _a創新創業十堂課
246 3 0 _a創新創業10堂課
250 _a第一版
260 _a臺北市 :
_b遠見天下,
_c2023.12
300 _a223面 ;
_c23公分
490 1 _a醫學人文 ;
_vBMP022.
610 2 7 _a臺北醫學大學
_2lcstt.
650 1 7 _a健康醫療業
_2lcstt.
650 1 7 _a產業發展
_2lcstt.
651 1 _a7臺北醫學大學
_2lcstt.
700 1 _a林, 惠君
700 1 _a黃, 亞琪
942 _2ccl
_cBOOK
999 _c7678
_d7678